000
00302nam a2200121Ia 4500
008
220204s9999 xx 000 0 und d
082
_a
615.9
_b
BAN;1
245
0
_a
Pesticide chemistry and modern toxicology
260
_a
Washington
_b
ACS
_c
1981
650
_a
Toxicology
700
_a
S Kris
942
_c
BK
999
_c
37310
_d
37310